| 000 | 00561nam a2200193Ia 4500 | ||
|---|---|---|---|
| 001 | 10264 | ||
| 003 | GE_BSU | ||
| 008 | 181216s||||||||xx |||||||||||||| ||und|| | ||
| 040 | _cGE_BSU | ||
| 080 | _a82–93 | ||
| 100 | _aრურუა,პარმენ | ||
| 245 | _aნაცარქექია;ზღაპარი | ||
| 260 | _aბათუმი | ||
| 260 | _bაჭარის სახელგამი | ||
| 260 | _c1940 | ||
| 300 | _a47გვ.ილ.19სმ. | ||
| 653 | _aნაცარქექია;ზღაპარი | ||
| 942 | _cBK | ||
| 999 |
_c43533 _d43533 |
||